| 000 | 00571nam a2200133Ia 4500 | ||
|---|---|---|---|
| 008 | 171212s9999 xx 000 0 und d | ||
| 020 | _a9780833037947 | ||
| 100 | _aMedeiros, Evan S.;Cliff, Roger;Crane, Keith;Mulvenon, James C. | ||
| 245 |
_cMedeiros, Evan S.;Cliff, Roger;Crane, Keith;Mulvenon, James C. _aA New Direction for China's Defense Industry |
||
| 260 |
_bRAND Corporation _c2005 |
||
| 650 | _aMilitary readiness -- China; Military research -- China; Defense industries -- China | ||
| 650 | _aPolitical Science | ||
| 856 | _uwww.jstor.org/stable/10.7249/mg334af | ||
| 999 |
_c351648 _d351648 |
||